[Event "SZCZYRK OPEN - TURNIEJ Z OKAZJI SWIETA NIEPODLEGLOSCI - BLITZ 3'+2'' "]
[Site "Szczyrk"]
[Date "2018-11-11"]
[Round "1.1"]
[White "Grzadka, Artur "]
[Black "Warakomski, Tomasz "]
[Result "0-1"]
[WhiteTitle ""]
[BlackTitle ""]
[WhiteElo "1287"]
[BlackElo "2572"]

1. d4 d5 2. c4 Bf5 3. Qb3 e5 4. Qxb7 Nd7 5. Nf3 Rb8 6. Qxa7 dxc4 7. Nc3 exd4 8.
Nxd4 Bc5 9. Qa5 Qf6 10. Nxf5 Qxf5 11. e3 Ngf6 12. Qa4 O-O 13. Be2 Ne5 14. O-O
Rfd8 15. b3 Qc2 16. Nb5 Qxe2 17. bxc4 Nd3 0-1

[Event "SZCZYRK OPEN - TURNIEJ Z OKAZJI SWIETA NIEPODLEGLOSCI - BLITZ 3'+2'' "]
[Site "Szczyrk"]
[Date "2018-11-11"]
[Round "1.2"]
[White "Plichta, Kamil "]
[Black "Kubaszewski, Piotr "]
[Result "1-0"]
[WhiteTitle ""]
[BlackTitle ""]
[WhiteElo "2388"]
[BlackElo "1278"]

1. Nf3 Nc6 2. d4 d5 3. c4 e6 4. Nc3 Nf6 5. Bg5 Be7 6. e3 h6 7. Bh4 O-O 8. Be2 b6
9. O-O Bb7 10. Rc1 Re8 11. cxd5 Nxd5 12. Nxd5 Qxd5 13. Bxe7 Rxe7 14. Bc4 Qd6 15.
Qe2 Rd7 16. Ba6 Bxa6 17. Qxa6 Nb4 18. Qc4 Nd5 19. Qc6 Qxc6 20. Rxc6 Rc8 21. a3
Rd6 22. Rc2 c5 23. Rfc1 Rdc6 24. b4 c4 25. Ne5 R6c7 26. Rxc4 Rxc4 27. Rxc4 Rxc4
28. Nxc4 Kf8 29. Kf1 Ke7 30. Ke2 Kd7 31. Kd3 f6 32. g3 Kc6 33. e4 Nc7 34. h4 g5
35. h5 g4 36. Ne3 Nb5 37. a4 Nd6 38. b5+ Kd7 39. Nxg4 Ke7 40. Nxf6 Kxf6 41. e5+
Ke7 42. exd6+ Kxd6 43. Ke4 Ke7 44. Ke5 Kf7 45. g4 Ke7 46. f4 Kd7 47. g5 hxg5 48.
h6 1-0

[Event "SZCZYRK OPEN - TURNIEJ Z OKAZJI SWIETA NIEPODLEGLOSCI - BLITZ 3'+2'' "]
[Site "Szczyrk"]
[Date "2018-11-11"]
[Round "1.3"]
[White "Jozefczyk, Szymon"]
[Black "Jaroch, Karol"]
[Result "0-1"]
[WhiteTitle ""]
[BlackTitle ""]
[WhiteElo "1274"]
[BlackElo "2311"]

1. d4 e6 2. e4 d5 3. Nc3 Bb4 4. Nge2 Nf6 5. Bg5 dxe4 6. a3 Be7 7. Bxf6 gxf6 8.
Nxe4 b6 9. N2g3 Bb7 10. Qd2 f5 11. Nc3 Bg5 12. Qd3 Qd7 13. Qb5 Bc6 14. Qd3 O-O
15. Be2 Rd8 16. Nh5 Qxd4 17. Qxd4 Rxd4 18. O-O Nd7 19. Rad1 Rxd1 20. Rxd1 Nc5
21. Ng3 Rd8 22. Rxd8+ Bxd8 23. Bf3 Bxf3 24. gxf3 Bf6 25. Nge2 Kf8 26. Kf1 Ke7
27. Ke1 c6 28. Kd2 b5 29. b4 Nd7 30. Nf4 Nb6 31. Nce2 Nc4+ 32. Kc1 Nxa3 33. Nh5
Bh8 34. c3 Nc4 35. Kc2 a5 36. bxa5 Nxa5 37. Nd4 Kd6 38. Nf4 Nc4 39. Nfe2 Be5 40.
f4 Bf6 41. f3 Nb6 42. Ng3 Nd5 43. Kd3 Bxd4 44. Kxd4 c5+ 45. Kd3 Nxf4+ 46. Ke3
Nd5+ 47. Kd3 c4+ 48. Kc2 Ke5 49. Nh5 Nf4 50. Ng3 Nd3 51. Ne2 Ne1+ 0-1

[Event "SZCZYRK OPEN - TURNIEJ Z OKAZJI SWIETA NIEPODLEGLOSCI - BLITZ 3'+2'' "]
[Site "Szczyrk"]
[Date "2018-11-11"]
[Round "1.4"]
[White "Piotrowski, Przemyslaw "]
[Black "Majdecka, Nikola "]
[Result "1-0"]
[WhiteTitle ""]
[BlackTitle ""]
[WhiteElo "2287"]
[BlackElo "1267"]

1. d4 d5 2. Nf3 Nf6 3. g3 Nc6 4. Bg2 Bf5 5. O-O Qd7 6. c4 Bh3 7. cxd5 Nxd5 8. e4
Nb6 9. d5 Bxg2 10. Kxg2 Nd8 11. Ne5 Qd6 12. Bf4 Qb4 13. Nc3 c6 14. Nd3 Qa5 15.
a4 1-0

[Event "SZCZYRK OPEN - TURNIEJ Z OKAZJI SWIETA NIEPODLEGLOSCI - BLITZ 3'+2'' "]
[Site "Szczyrk"]
[Date "2018-11-11"]
[Round "1.5"]
[White "Lewicka, Joanna"]
[Black "Kowalczyk, Rafal "]
[Result "0-1"]
[WhiteTitle ""]
[BlackTitle ""]
[WhiteElo "1260"]
[BlackElo "2286"]

1. e4 e5 2. Nf3 Nc6 3. Bc4 Bc5 4. c3 Nf6 5. d4 exd4 6. cxd4 Bb4+ 7. Bd2 Bxd2+ 8.
Nbxd2 d5 9. exd5 Nxd5 10. O-O O-O 11. Re1 Nb6 12. d5 Nxd5 13. Nb3 Nb6 14. Qe2
Bg4 15. Bd3 Qf6 16. h3 Bxf3 17. Qxf3 Qxf3 18. gxf3 Nb4 19. Be4 f5 20. a3 fxe4
21. axb4 exf3 22. Re7 Nd5 23. Rd7 Rf7 24. Rxd5 c6 25. Rd2 Rf4 26. Rad1 Rxb4 27.
Rd8+ Rxd8 28. Rxd8+ Kf7 29. Nd4 Ke7 30. Nc2 0-1

[Event "SZCZYRK OPEN - TURNIEJ Z OKAZJI SWIETA NIEPODLEGLOSCI - BLITZ 3'+2'' "]
[Site "Szczyrk"]
[Date "2018-11-11"]
[Round "1.6"]
[White "Marszalek, Maciej"]
[Black "Pisarek, Jan "]
[Result "1-0"]
[WhiteTitle ""]
[BlackTitle ""]
[WhiteElo "2259"]
[BlackElo "1256"]

1. d4 Nf6 2. Nf3 c5 3. e3 g6 4. c4 Bg7 5. Nc3 b6 6. Be2 O-O 7. O-O Bb7 8. d5 d6
9. e4 Na6 10. h3 Nc7 11. Bf4 a6 12. e5 Nfe8 13. Qd2 Qd7 14. Bh6 b5 15. Bxg7 Kxg7
16. b3 Rb8 17. Rfe1 bxc4 18. Bxc4 Nb5 19. e6 fxe6 20. Rxe6 Nf6 21. Rae1 Rfe8 22.
Ne4 Nxe4 23. R6xe4 Na3 24. Qb2+ Kg8 25. Qxa3 Qf5 26. Qc1 Qf6 27. Qe3 1-0

[Event "SZCZYRK OPEN - TURNIEJ Z OKAZJI SWIETA NIEPODLEGLOSCI - BLITZ 3'+2'' "]
[Site "Szczyrk"]
[Date "2018-11-11"]
[Round "1.7"]
[White "Zaborski, Igor "]
[Black "Faron, Rafal "]
[Result "1-0"]
[WhiteTitle ""]
[BlackTitle ""]
[WhiteElo "1255"]
[BlackElo "2207"]

1. d4 d5 2. c4 dxc4 3. e4 Nc6 4. Nf3 Bg4 5. Be3 Bxf3 6. gxf3 e5 7. d5 Nce7 8. Bxc4
Ng6 9. Nc3 Nf6 10. Qb3 Bd6 11. O-O-O O-O 12. h4 Nh5 13. Rdg1 a6 14. Rg5 Ngf4 15.
Bxf4 Nxf4 16. Qc2 b5 17. Bb3 Qd7 18. Ne2 Nxe2+ 19. Qxe2 a5 20. Rhg1 g6 21. h5
a4 22. Bc2 b4 23. Bd3 c6 24. dxc6 Qxc6+ 25. Kb1 f6 26. R5g2 g5 27. Rc1 Qb6 28.
Qe3 Qxe3 29. fxe3 Kf7 30. Rgc2 Ke7 31. Bc4 Rac8 32. Bd5 Rxc2 33. Rxc2 Rb8 34.
Rc6 a3 35. b3 Rd8 36. Kc2 Rd7 37. Kd2 Ra7 38. Rc8 Rc7 39. Rh8 Bc5 40. Rxh7+ Kd6
41. Rh6 Ke7 42. Rg6 Rc8 43. h6 Rh8 44. Rg7+ Kf8 45. Rg6 Be7 46. Bc4 Ke8 47. Be6
Kf8 48. h7 1-0

[Event "SZCZYRK OPEN - TURNIEJ Z OKAZJI SWIETA NIEPODLEGLOSCI - BLITZ 3'+2'' "]
[Site "Szczyrk"]
[Date "2018-11-11"]
[Round "1.8"]
[White "Goluch, Piotr"]
[Black "Bochenek, Ryszard"]
[Result "1-0"]
[WhiteTitle ""]
[BlackTitle ""]
[WhiteElo "2205"]
[BlackElo "1252"]

1. d4 Nf6 2. c4 g6 3. Nc3 Bg7 4. e4 d6 5. Be2 O-O 6. Be3 Nbd7 7. g4 e5 8. d5 c6
9. g5 Ne8 10. h4 Qe7 11. Qd2 f5 12. exf5 gxf5 13. f4 exf4 14. Bxf4 Ne5 15. O-O-O
c5 16. Nf3 a6 17. h5 Ng4 18. Rdg1 Bd7 19. h6 Bh8 20. Nh4 Qf7 21. Bd3 Bd4 22. Rg2
Nf2 23. g6 hxg6 24. h7+ 1-0

[Event "SZCZYRK OPEN - TURNIEJ Z OKAZJI SWIETA NIEPODLEGLOSCI - BLITZ 3'+2'' "]
[Site "Szczyrk"]
[Date "2018-11-11"]
[Round "1.9"]
[White "Lokaj, Bartlomiej"]
[Black "Duda, Lukasz "]
[Result "0-1"]
[WhiteTitle ""]
[BlackTitle ""]
[WhiteElo "1252"]
[BlackElo "2201"]

1. e4 e6 2. d4 d5 3. exd5 exd5 4. Bd3 Bd6 5. Nf3 Nf6 6. O-O O-O 7. c3 c6 8. Re1
Bg4 9. Be3 Nbd7 10. Nbd2 Qc7 11. h3 Bh5 12. Qc2 Rfe8 13. b3 Bf4 14. Bxf4 Qxf4
15. a4 Bg6 16. c4 Ne4 17. Re3 Nxd2 18. Qxd2 Rxe3 19. fxe3 Qg3 20. Rf1 Re8 21.
cxd5 cxd5 22. Bb5 Bf5 23. Ne5 Nxe5 24. Rxf5 Nc6 25. Rxd5 Rxe3 26. Bxc6 Re1+ 27.
Qxe1 Qxe1+ 28. Kh2 g6 29. Bxb7 Qb4 30. Rb5 Qxd4 31. Bf3 Qf4+ 32. Kg1 h5 33. Rb8+
Qxb8 34. Bd5 Qb4 35. Kh2 Kg7 36. Bc4 h4 37. Kg1 Qe1+ 38. Kh2 a5 39. b4 Qxb4 40.
Bb5 g5 41. Bc6 f5 42. Bf3 Kf6 43. Bd1 Ke5 44. Bf3 Qf4+ 45. Kg1 Kd4 46. Kf1 Ke3
47. Kg1 g4 48. hxg4 fxg4 49. Bxg4 Qxg4 50. Kf1 Qd1# 0-1

[Event "SZCZYRK OPEN - TURNIEJ Z OKAZJI SWIETA NIEPODLEGLOSCI - BLITZ 3'+2'' "]
[Site "Szczyrk"]
[Date "2018-11-11"]
[Round "1.10"]
[White "Sroka, Janusz"]
[Black "Zmuda, Piotr "]
[Result "1-0"]
[WhiteTitle ""]
[BlackTitle ""]
[WhiteElo "2133"]
[BlackElo "1250"]

1. e4 e5 2. d3 Nc6 3. Nf3 Nf6 4. Nbd2 a6 5. c3 b5 6. Be2 Bb7 7. O-O d5 8. Re1 Bd6
9. Bf1 O-O 10. a4 d4 11. cxd4 exd4 12. e5 Nxe5 13. Nxe5 Bxe5 14. Rxe5 Qd6 15.
Re1 Qd5 16. Nf3 Ng4 17. Bf4 Qh5 18. h3 Nf6 19. Re5 Bxf3 20. Qxf3 Qxf3 21. gxf3
c6 22. h4 Nd5 23. Bd2 f6 24. Re6 Rfe8 25. Rxc6 Re5 26. f4 Rf5 27. Bh3 Rh5 28.
axb5 Rxh4 29. Bg2 Nxf4 30. Bxf4 Rxf4 31. b6 h5 32. b7 Rb8 33. Rc8+ 1-0

[Event "SZCZYRK OPEN - TURNIEJ Z OKAZJI SWIETA NIEPODLEGLOSCI - BLITZ 3'+2'' "]
[Site "Szczyrk"]
[Date "2018-11-11"]
[Round "1.11"]
[White "Ochalik, Filip "]
[Black "Korbal, Arkadiusz"]
[Result "1-0"]
[WhiteTitle ""]
[BlackTitle ""]
[WhiteElo "1247"]
[BlackElo "2099"]

1. d4 Nf6 2. c4 e6 3. Nc3 Bb4 4. Bg5 h6 5. Bh4 g5 6. Bg3 Ne4 7. Qc2 d5 8. cxd5
exd5 9. e3 c6 10. Bd3 Nxg3 11. hxg3 Be6 12. a3 Bd6 13. Bf5 Qf6 14. Bxe6 Qxe6 15.
Nge2 Nd7 16. O-O h5 17. Rfe1 h4 18. gxh4 Rxh4 19. Ng3 Bxg3 20. fxg3 Rh8 21. e4
O-O-O 22. exd5 Qh6 23. dxc6 bxc6 24. d5 Qh2+ 25. Kf2 Rh6 26. Ne4 Ne5 27. dxc6
Nd3+ 28. Kf3 g4+ 29. Ke3 Qh5 30. c7 Rd7 31. Rad1 Re6 32. Rxd3 Qg5+ 33. Kf2 Qf5+
34. Kg1 Rxe4 35. Rxe4 Qxe4 36. Rc3 Qe1+ 37. Kh2 f6 38. Qf5 Qe7 39. Qxg4 Qh7+ 40.
Qh3 Qe7 41. Qh8+ Kb7 42. c8=R Qe5 43. R8c5 Qe6 44. Qc8+ Kb6 45. Rb3+ 1-0

[Event "SZCZYRK OPEN - TURNIEJ Z OKAZJI SWIETA NIEPODLEGLOSCI - BLITZ 3'+2'' "]
[Site "Szczyrk"]
[Date "2018-11-11"]
[Round "1.12"]
[White "Chylewski, Patryk"]
[Black "Cwiklinski, Jacek"]
[Result "1-0"]
[WhiteTitle ""]
[BlackTitle ""]
[WhiteElo "2097"]
[BlackElo "1245"]

1. e4 e6 2. d4 d5 3. Nd2 Nc6 4. Ngf3 g6 5. Bb5 Bd7 6. O-O Bg7 7. c3 Nge7 8. Re1
a6 9. Bd3 O-O 10. Nb3 dxe4 11. Bxe4 Nd5 12. Bg5 Qc8 13. c4 Nf6 14. Bc2 Nb4 15.
Bb1 Bc6 16. Ne5 Nd7 17. a3 Nxe5 18. dxe5 Bxg2 19. Kxg2 Nc6 20. Bf6 Bxf6 21. exf6
e5 22. Qf3 Qe6 23. Be4 1-0

[Event "SZCZYRK OPEN - TURNIEJ Z OKAZJI SWIETA NIEPODLEGLOSCI - BLITZ 3'+2'' "]
[Site "Szczyrk"]
[Date "2018-11-11"]
[Round "1.13"]
[White "Kotowicz, Kamil"]
[Black "Cichon, Michal "]
[Result "0-1"]
[WhiteTitle ""]
[BlackTitle ""]
[WhiteElo "1243"]
[BlackElo "2023"]

1. d4 d5 2. Nf3 Nf6 3. Bf4 e6 4. e3 Be7 5. Bd3 O-O 6. c3 b6 7. Nbd2 Bb7 8. O-O
Nbd7 9. Ne5 c5 10. Nxd7 Qxd7 11. Nf3 Bd6 12. Bxd6 Qxd6 13. Qe2 Nd7 14. Ng5 h6
15. Qh5 Nf6 16. Qh3 hxg5 17. f4 g4 18. Qh4 a5 19. h3 Ba6 20. Bc2 Bxf1 21. Rxf1
Ne4 22. hxg4 f5 23. Rf3 Rf6 24. g5 Rg6 25. Rh3 Kf7 26. Bxe4 dxe4 27. g4 cxd4 28.
cxd4 Rc8 29. gxf5 exf5 30. Qe1 Qb4 31. Qe2 Qc4 32. Qf2 Qc1+ 33. Kg2 Rc2 0-1

[Event "SZCZYRK OPEN - TURNIEJ Z OKAZJI SWIETA NIEPODLEGLOSCI - BLITZ 3'+2'' "]
[Site "Szczyrk"]
[Date "2018-11-11"]
[Round "1.14"]
[White "Dziodzio, Angelika "]
[Black "Wilgosz, Jan "]
[Result "0-1"]
[WhiteTitle ""]
[BlackTitle ""]
[WhiteElo "2018"]
[BlackElo "1242"]

1. e4 e5 2. Nf3 Nc6 3. Nc3 Nf6 4. a3 Bc5 5. Nxe5 Nxe5 6. d4 Bd6 7. f4 Nc6 8. e5
Be7 9. d5 Nb8 10. exf6 Bxf6 11. Be2 O-O 12. O-O d6 13. Ne4 Nd7 14. Bf3 Re8 15.
Rb1 b6 16. c4 Ba6 17. b3 Nc5 18. Nxf6+ Qxf6 19. Qc2 Bc8 20. Qd2 Qf5 21. Ra1 Nxb3
22. Qb2 Nxa1 23. Qxa1 Qd3 24. Bb2 f6 25. Qc1 Bf5 26. Kh1 Be4 27. Rd1 Qb3 28. Bxe4
Rxe4 29. Bd4 Rae8 30. h3 Re2 31. Rf1 Qc2 32. Qxc2 Rxc2 33. Bf2 Rxc4 34. g3 Ra4
35. Rc1 Re7 36. Rc3 a5 37. Kg2 b5 38. Rb3 b4 39. axb4 Rxb4 40. Ra3 a4 41. Kf3
Re8 42. Kg4 Ra8 43. Be1 Rb3 44. Ra2 a3 45. Ra1 a2 0-1

[Event "SZCZYRK OPEN - TURNIEJ Z OKAZJI SWIETA NIEPODLEGLOSCI - BLITZ 3'+2'' "]
[Site "Szczyrk"]
[Date "2018-11-11"]
[Round "1.15"]
[White "Werner, Kacper "]
[Black "Michalski, Karol "]
[Result "0-1"]
[WhiteTitle ""]
[BlackTitle ""]
[WhiteElo "1240"]
[BlackElo "2006"]

1. e4 c5 2. Nf3 g6 3. d4 cxd4 4. Nxd4 Bg7 5. c4 Nc6 6. Be3 Nf6 7. Nc3 Ng4 8. Nxc6
dxc6 9. Qxd8+ Kxd8 10. Bf4 e5 11. Bg3 f6 12. f3 Nh6 13. O-O-O Kc7 14. Kc2 Be6
15. Be2 Nf7 16. c5 Rhd8 17. Bf2 b5 18. Rxd8 Nxd8 19. b4 a5 20. a3 a4 21. Rd1 Bb3+
22. Kc1 Bh6+ 23. Kb2 Bxd1 24. Bxd1 Ne6 25. Ne2 Rd8 26. Kc2 Rd2+ 27. Kc1 Rxe2+
28. Kb1 Rxf2 29. Bc2 Rxg2 30. Kb2 Rxh2 31. Kc3 Rxc2+ 32. Kxc2 Nd4+ 33. Kd3 Bf4
34. Kc3 h5 35. Kd3 h4 36. Kc3 h3 37. Kd3 h2 38. Kc3 h1=Q 39. Kd3 Qd1+ 40. Kc3
Qc2# 0-1

[Event "SZCZYRK OPEN - TURNIEJ Z OKAZJI SWIETA NIEPODLEGLOSCI - BLITZ 3'+2'' "]
[Site "Szczyrk"]
[Date "2018-11-11"]
[Round "1.16"]
[White "Szydlowska-duda, Marta "]
[Black "Karut, Kacper"]
[Result "1-0"]
[WhiteTitle ""]
[BlackTitle ""]
[WhiteElo "1986"]
[BlackElo "1238"]

1. d4 Nf6 2. Nf3 g6 3. Bf4 Bg7 4. e3 O-O 5. c4 d6 6. h3 b6 7. Nc3 Bb7 8. Be2 c5
9. d5 Nbd7 10. O-O Nh5 11. Bh2 Bxc3 12. bxc3 Nhf6 13. Bd3 e6 14. e4 e5 15. Nd2
h6 16. f4 Nh7 1-0

[Event "SZCZYRK OPEN - TURNIEJ Z OKAZJI SWIETA NIEPODLEGLOSCI - BLITZ 3'+2'' "]
[Site "Szczyrk"]
[Date "2018-11-11"]
[Round "1.17"]
[White "Starosciak, Szymon "]
[Black "Krol, Rafal"]
[Result "0-1"]
[WhiteTitle ""]
[BlackTitle ""]
[WhiteElo "1233"]
[BlackElo "1926"]

1. e4 c6 2. Nc3 d5 3. Nf3 Bg4 4. exd5 cxd5 5. d4 Nc6 6. Be2 Nf6 7. O-O e6 8. Bg5
Be7 9. h3 Bh5 10. Re1 O-O 11. Qd2 Bg6 12. a3 a6 13. Nh4 Rc8 14. Nxg6 hxg6 15.
Na4 Ne4 16. Bxe7 Qxe7 17. Qe3 Na5 18. f3 Nd6 19. b4 Nac4 20. Qf2 Nb5 21. Bxc4
Rxc4 22. Nc5 Nxd4 23. Rad1 Nxc2 24. Rc1 Nxa3 25. Rxc4 Nxc4 26. f4 a5 27. bxa5
Rc8 28. Nd3 Nxa5 29. Ne5 Qc5 30. Qxc5 Rxc5 31. Ra1 b6 32. Rb1 Nc4 33. Nxc4 dxc4
34. Rxb6 c3 35. Rb1 c2 36. Rc1 f6 37. Kf2 Kf7 38. Ke2 f5 39. Kd2 Kf6 40. Rxc2
Rxc2+ 41. Kxc2 g5 42. g3 gxf4 43. gxf4 g5 0-1

[Event "SZCZYRK OPEN - TURNIEJ Z OKAZJI SWIETA NIEPODLEGLOSCI - BLITZ 3'+2'' "]
[Site "Szczyrk"]
[Date "2018-11-11"]
[Round "1.18"]
[White "Para, Tomasz "]
[Black "Guzik, Wojciech"]
[Result "1-0"]
[WhiteTitle ""]
[BlackTitle ""]
[WhiteElo "1896"]
[BlackElo "1224"]

1. e4 c5 2. Nf3 e6 3. Nc3 a6 4. a4 Qc7 5. Bc4 Nf6 6. O-O Be7 7. e5 d5 8. exf6 dxc4
9. fxe7 Qxe7 10. Qe2 O-O 11. Qxc4 Nc6 12. Qh4 Qc7 13. Qg3 Qe7 14. d3 g6 15. Bh6
Rd8 16. Bg5 Qe8 17. Bxd8 Qxd8 18. Ne4 Nd4 19. Nxd4 Qxd4 20. c3 Qg7 21. Rad1 Bd7
22. d4 c4 23. Qf4 Kf8 24. Qd6+ Ke8 25. Nc5 Rd8 26. Nxb7 1-0

[Event "SZCZYRK OPEN - TURNIEJ Z OKAZJI SWIETA NIEPODLEGLOSCI - BLITZ 3'+2'' "]
[Site "Szczyrk"]
[Date "2018-11-11"]
[Round "1.19"]
[White "Borsuk, Aleksandra "]
[Black "Marczak, Szymon"]
[Result "0-1"]
[WhiteTitle ""]
[BlackTitle ""]
[WhiteElo "1221"]
[BlackElo "1880"]

1. e4 b6 2. d4 Bb7 3. Nc3 e6 4. Bd3 Nf6 5. Bg5 h6 6. Bh4 Be7 7. Nf3 c5 8. e5 Nd5
9. Nxd5 Bxd5 10. Bxe7 Qxe7 11. O-O cxd4 12. Nxd4 O-O 13. c4 Bb7 14. Re1 Nc6 15.
Nxc6 Bxc6 16. Be4 Rac8 17. b3 Rfd8 18. Qf3 f5 19. exf6 Qxf6 20. Qxf6 gxf6 21.
Bxc6 Rxc6 22. Rad1 Kf7 23. f3 d5 24. cxd5 exd5 25. Kf2 Rd7 26. Re2 Re7 27. Red2
Rd7 28. Kg3 Ke6 29. Kf4 Rc5 30. Re1+ Kf7 31. Kf5 d4+ 32. Ke4 Re5+ 33. Kf4 Rxe1
34. g4 d3 35. Kg3 Re2 0-1

[Event "SZCZYRK OPEN - TURNIEJ Z OKAZJI SWIETA NIEPODLEGLOSCI - BLITZ 3'+2'' "]
[Site "Szczyrk"]
[Date "2018-11-11"]
[Round "1.20"]
[White "Kaminski, Maciej "]
[Black "Bohdanowicz, Nikola"]
[Result "1-0"]
[WhiteTitle ""]
[BlackTitle ""]
[WhiteElo "1876"]
[BlackElo "1220"]

1. d4 Nf6 2. Nc3 e6 3. e4 Bb4 4. e5 Nd5 5. Qg4 g6 6. Bg5 Be7 7. Bxe7 Nxe7 8. Ne4
Nd5 9. c4 f5 10. exf6 Nxf6 11. Nxf6+ Qxf6 12. Nf3 Nc6 13. Be2 Nb4 14. O-O h5 15.
Qe4 g5 16. Ne5 d5 17. cxd5 exd5 18. Ng4+ Qe6 19. Nf6+ Kd8 20. Qxe6 Bxe6 21. Nxh5
g4 22. Nf4 Bf5 23. a3 Nc6 24. Rfd1 Ne7 25. Bd3 Bd7 26. Bc2 c6 27. Nd3 Kc7 28.
Ne5 Be6 29. Re1 Rae8 1-0

[Event "SZCZYRK OPEN - TURNIEJ Z OKAZJI SWIETA NIEPODLEGLOSCI - BLITZ 3'+2'' "]
[Site "Szczyrk"]
[Date "2018-11-11"]
[Round "1.21"]
[White "Reszka, Zofia"]
[Black "Ulrych, Wojciech "]
[Result "0-1"]
[WhiteTitle ""]
[BlackTitle ""]
[WhiteElo "1219"]
[BlackElo "1867"]

1. e4 e6 2. d4 d5 3. Nd2 Nf6 4. e5 Nfd7 5. Ngf3 c5 6. c3 Nc6 7. Bd3 Qb6 8. dxc5
Bxc5 9. Qe2 O-O 10. O-O f6 11. exf6 Nxf6 12. Nb3 Bd6 13. Be3 Qc7 14. h3 e5 15.
Bc2 e4 16. Nfd4 a6 17. Nxc6 bxc6 18. Nc5 Rb8 19. b4 a5 20. Rab1 Be5 21. Bd2 axb4
22. cxb4 Nd7 23. Nxd7 Bxd7 24. Rfd1 Rf6 25. Rdc1 Rg6 26. Kh1 Rf8 27. Ba4 Qa7 28.
Bb3 Rxf2 29. Qe1 Rfxg2 0-1

[Event "SZCZYRK OPEN - TURNIEJ Z OKAZJI SWIETA NIEPODLEGLOSCI - BLITZ 3'+2'' "]
[Site "Szczyrk"]
[Date "2018-11-11"]
[Round "1.22"]
[White "Foltyn, Lukasz "]
[Black "Rozek, Michal"]
[Result "1-0"]
[WhiteTitle ""]
[BlackTitle ""]
[WhiteElo "1854"]
[BlackElo "1217"]

1. e4 d5 2. exd5 Nf6 3. Nc3 Nxd5 4. Bc4 e6 5. Nf3 Nc6 6. O-O Nb6 7. Bb3 Bd6 8.
Re1 O-O 9. d3 Bd7 10. a4 Re8 11. a5 Nc8 12. Ne4 Be7 13. Bf4 Nd6 14. Qe2 Nxe4 15.
dxe4 Bf6 16. c3 e5 17. Be3 Be6 18. Ba4 Bd7 19. Red1 Qc8 20. Bc5 Be7 21. Be3 Bf6
22. h3 Nb8 23. Bc2 Nc6 24. a6 b6 25. b4 Ne7 26. Bb3 Ng6 27. Ng5 Be6 28. Nxe6 fxe6
29. g3 Kf7 30. Qc4 Rd8 1-0

[Event "SZCZYRK OPEN - TURNIEJ Z OKAZJI SWIETA NIEPODLEGLOSCI - BLITZ 3'+2'' "]
[Site "Szczyrk"]
[Date "2018-11-11"]
[Round "1.23"]
[White "Prawucka, Zofia"]
[Black "Lesniak, Grzegorz"]
[Result "0-1"]
[WhiteTitle ""]
[BlackTitle ""]
[WhiteElo "1216"]
[BlackElo "1849"]

1. e4 e5 2. Nf3 Nc6 3. Bc4 Nf6 4. Ng5 Bc5 5. Nxf7 Bxf2+ 6. Kxf2 Nxe4+ 7. Ke1 Qh4+
8. g3 Nxg3 9. Rg1 Ne4+ 10. Kf1 Qf2# 11. Ke1 0-1

[Event "SZCZYRK OPEN - TURNIEJ Z OKAZJI SWIETA NIEPODLEGLOSCI - BLITZ 3'+2'' "]
[Site "Szczyrk"]
[Date "2018-11-11"]
[Round "1.24"]
[White "Drozniak, Stanislaw"]
[Black "Komisarski, Jerzy"]
[Result "1-0"]
[WhiteTitle ""]
[BlackTitle ""]
[WhiteElo "1799"]
[BlackElo "1208"]

1. e4 c6 2. d4 d5 3. exd5 cxd5 4. Bd3 Nc6 5. c3 Nf6 6. Bf4 Bg4 7. Qb3 Qd7 8. Nd2
e6 9. Ngf3 Bxf3 10. Nxf3 Bd6 11. Bg3 O-O 12. Ne5 Qc7 13. f4 Nd7 14. O-O Bxe5 15.
fxe5 Nb6 16. Qd1 Na5 17. Qh5 h6 18. Bf4 Nac4 19. Rf3 Rfd8 20. Rg3 Kf8 21. Rxg7
Rd7 22. Bxh6 Ke8 23. Qg5 Nc8 24. Rg8# 1-0

[Event "SZCZYRK OPEN - TURNIEJ Z OKAZJI SWIETA NIEPODLEGLOSCI - BLITZ 3'+2'' "]
[Site "Szczyrk"]
[Date "2018-11-11"]
[Round "1.25"]
[White "Kucza, Kamil "]
[Black "Jagodzinski, Mariusz "]
[Result "0-1"]
[WhiteTitle ""]
[BlackTitle ""]
[WhiteElo "1200"]
[BlackElo "1797"]

1. e4 c5 2. c4 Nc6 3. Nf3 g6 4. d3 Bg7 5. Nc3 e6 6. Bd2 Nge7 7. Be2 O-O 8. O-O
d5 9. exd5 exd5 10. cxd5 Nxd5 11. Nxd5 Qxd5 12. h3 Bxb2 13. Rb1 Bg7 14. Qc2 b6
15. Bc3 Bxc3 16. Qxc3 Re8 17. Rfe1 Bf5 18. Rbd1 Rad8 19. Nd4 Qxd4 20. Qxd4 Rxd4
21. g4 Be6 22. Kg2 Red8 23. f3 c4 24. Rd2 cxd3 25. Bxd3 Rxd3 26. Rxd3 Rxd3 27.
Ra1 Rd2+ 28. Kg3 Rxa2 29. Rc1 a5 30. Rxc6 b5 31. Rb6 b4 32. Kf4 Kg7 33. Ke3 b3
34. Kd3 a4 35. Rb4 b2 36. Kc2 a3 37. f4 Ra1 38. f5 gxf5 39. gxf5 Bxf5+ 40. Kc3
b1=Q 41. Rd4 Qc2+ 42. Kb4 Rb1+ 43. Ka5 Qc7+ 44. Ka4 Bc2+ 0-1

[Event "SZCZYRK OPEN - TURNIEJ Z OKAZJI SWIETA NIEPODLEGLOSCI - BLITZ 3'+2'' "]
[Site "Szczyrk"]
[Date "2018-11-11"]
[Round "1.26"]
[White "Namyslak, Piotr"]
[Black "Kaznowska, Weronika"]
[Result "1-0"]
[WhiteTitle ""]
[BlackTitle ""]
[WhiteElo "1794"]
[BlackElo "1199"]

1. c4 e5 2. Nc3 Nf6 3. e4 Nc6 4. g3 g6 5. Bg2 Bg7 6. Nge2 O-O 7. O-O d6 8. d3 a6
9. f4 Nd7 10. f5 b6 11. Be3 Bb7 12. Qd2 Nc5 13. Bxc5 dxc5 14. Nd5 Nd4 15. Nxd4
Bxd5 16. exd5 cxd4 17. fxg6 fxg6 18. Rxf8+ Qxf8 19. Rf1 Qd6 20. Bh3 Rf8 21. Be6+
Kh8 22. Rxf8+ Qxf8 23. Qd1 Qb4 24. Qe2 Qd6 25. Kg2 b5 26. b3 c6 27. Qc2 cxd5 28.
cxd5 Qb8 29. Qc6 Qf8 30. Qxa6 Qe8 31. Qc8 Qxc8 32. Bxc8 b4 33. Kf3 Bf6 34. Ke4
Kg7 35. d6 Kf7 36. Kd5 Bg7 37. Kc6 Ke8 38. Kc7 Bf8 39. d7+ 1-0

[Event "SZCZYRK OPEN - TURNIEJ Z OKAZJI SWIETA NIEPODLEGLOSCI - BLITZ 3'+2'' "]
[Site "Szczyrk"]
[Date "2018-11-11"]
[Round "1.27"]
[White "Miler, Franciszek"]
[Black "Galuszka, Tomasz "]
[Result "1-0"]
[WhiteTitle ""]
[BlackTitle ""]
[WhiteElo "1197"]
[BlackElo "1787"]

1. e4 c6 2. d4 d5 3. Nc3 dxe4 4. Nxe4 Bf5 5. Ng3 Bg6 6. h4 h6 7. f4 e6 8. Nf3 Nd7
9. h5 Bh7 10. Bd3 Bxd3 11. Qxd3 Ngf6 12. Be3 Bd6 13. O-O-O Qc7 14. Ne2 Nd5 15.
g3 O-O-O 16. Nc3 Kb8 17. Nxd5 cxd5 18. Ne5 Nf6 19. c3 Ne4 20. Bd2 Nxg3 21. Qxg3
f6 22. Nd3 Rhe8 23. Rde1 Qa5 24. Kb1 Re7 25. Qg2 Qb5 26. Nc1 a5 27. Qe2 Qb6 28.
Be3 a4 29. Qc2 Qc6 30. Nd3 b5 31. Nb4 Qb7 32. Rhg1 Rc8 33. Qd2 Rc4 34. Rg2 Ka7
35. Reg1 Rec7 36. Rg6 Bf8 37. a3 Qc8 38. Rf1 Kb6 39. f5 Bxb4 40. axb4 exf5 41.
Rxf5 Qxf5+ 42. Ka2 a3 43. Bf4 axb2 44. Kxb2 Re7 45. Bd6 Rd7 46. Bc5+ Kc6 47. Qh2
Rxc5 48. bxc5 Qd3 49. Rg3 Qf5 50. Rg6 b4 51. Qe2 bxc3+ 52. Kxc3 Rb7 53. Qe8+ Kc7
54. Rxg7+ Qd7 55. Rxd7+ Kc6 56. Qc8+ 1-0

[Event "SZCZYRK OPEN - TURNIEJ Z OKAZJI SWIETA NIEPODLEGLOSCI - BLITZ 3'+2'' "]
[Site "Szczyrk"]
[Date "2018-11-11"]
[Round "1.28"]
[White "Dytman, Radoslaw "]
[Black "Strzoda, Szymon"]
[Result "1-0"]
[WhiteTitle ""]
[BlackTitle ""]
[WhiteElo "1786"]
[BlackElo "1190"]

1. e4 e6 2. d4 d5 3. exd5 exd5 4. Nf3 Nc6 5. Bd3 Bd6 6. O-O Nge7 7. c3 Bg4 8. h3
Bh5 9. Bg5 Qd7 10. Nbd2 O-O-O 11. b4 a6 12. a4 Na7 13. b5 a5 14. c4 dxc4 15. Nxc4
Rhe8 16. Qc2 Bxf3 17. Nb6+ Kb8 18. Nxd7+ Rxd7 19. gxf3 Nd5 20. Bf5 Nb4 21. Qc4
Rdd8 22. Bxd8 Rxd8 23. Rfe1 f6 24. Re6 c6 25. Rae1 cxb5 26. axb5 Nc8 27. Re8 Rxe8
28. Rxe8 a4 29. b6 Ka8 30. Qxc8+ Bb8 31. Qxb8# 1-0

[Event "SZCZYRK OPEN - TURNIEJ Z OKAZJI SWIETA NIEPODLEGLOSCI - BLITZ 3'+2'' "]
[Site "Szczyrk"]
[Date "2018-11-11"]
[Round "1.29"]
[White "Jaskulski, Jan "]
[Black "Temel, Jan "]
[Result "1-0"]
[WhiteTitle ""]
[BlackTitle ""]
[WhiteElo "1186"]
[BlackElo "1762"]

1. e4 e6 2. Nf3 c5 3. Nc3 Nc6 4. d4 cxd4 5. Nxd4 Nf6 6. Ndb5 d6 7. Bf4 e5 8. Bg5
a6 9. Na3 Be7 10. Nc4 b5 11. Bxf6 gxf6 12. Ne3 O-O 13. Ncd5 Kh8 14. Nxe7 Nxe7
15. Qf3 Ng6 16. Nd5 Kg7 17. h4 Be6 18. h5 Bxd5 19. exd5 e4 20. Qg4 f5 21. Qxf5
Ne7 22. Qg5+ Kh8 23. Qf6+ Kg8 24. h6 Nf5 25. Qxf5 Kh8 26. O-O-O Qe7 27. Re1 Rae8
28. Bd3 Qc7 1-0